[Event "Centrocoop op"]
[Site "Eforie Nord"]
[Date "1997.??.??"]
[Round "6"]
[White "Anikeenko, Anton"]
[Black "Freuler, Roman"]
[Result "1/2-1/2"]
[WhiteElo "1700"]
[BlackElo "2215"]
[PlyCount "23"]
[EventDate "1997.??.??"]
[EventType "swiss"]
[EventRounds "11"]
[EventCountry "ROU"]
[SourceTitle "EXT 2010"]
[Source "ChessBase"]
[SourceDate "2010.11.25"]
[SourceVersion "1"]
[SourceVersionDate "2010.11.25"]
[SourceQuality "1"]

1. e4 c5 2. Nc3 Nc6 3. g3 g6 4. Bg2 Bg7 5. d3 e6 6. Be3 d6 7. Qd2 Nd4 8. Nd1 Rb8 9. c3 Nc6 10. Ne2 Nge7 11. h4 h5 12. 0-0 1/2-1/2

[Event "Centrocoop op"]
[Site "Eforie Nord"]
[Date "1997.??.??"]
[Round "4"]
[White "Anikeenko, Anton"]
[Black "Tincu, Radu"]
[Result "1/2-1/2"]
[WhiteElo "1700"]
[BlackElo "2295"]
[PlyCount "112"]
[EventDate "1997.??.??"]
[EventType "swiss"]
[EventRounds "11"]
[EventCountry "ROU"]
[SourceTitle "EXT 2010"]
[Source "ChessBase"]
[SourceDate "2010.11.25"]
[SourceVersion "1"]
[SourceVersionDate "2010.11.25"]
[SourceQuality "1"]

1. e4 e6 2. d3 d5 3. Nd2 c5 4. g3 Nc6 5. Bg2 Nf6 6. Ngf3 Be7 7. 0-0 0-0 8. Re1 b5 9. e5 Ne8 10. Nf1 a5 11. h4 Ra7 12. Bf4 f6 13. exf6 gxf6 14. d4 cxd4 15. Nxd4 Nxd4 16. Qxd4 Ra6 17. Rad1 Kh8 18. Qd3 b4 19. Qe2 Bc5 20. Bh6 Rg8 21. Bh3 Nc7 22. Be3 Bd6 23. g4 e5 24. Ng3 Rc6 25. Nh5 Rg6 26. f3 Be6 27. Bf2 d4 28. Ng3 a4 29. Ne4 Bxa2 30. Nxd6 Qxd6 31. f4 Ne6 32. fxe5 fxe5 33. Qxe5+ Qxe5 34. Rxe5 h6 35. Re4 Kg8 36. Kh2 Ra6 37. Bxd4 Nxd4 38. Rdxd4 Rgc6 39. Rxb4 Rxc2+ 40. Kg3 Bb3 41. Re7 Kf8 42. Rd7 Ra8 43. g5 hxg5 44. h5 Rc4 45. Rxc4 Bxc4 46. h6 Kg8 47. Bf5 a3 48. bxa3 Rxa3+ 49. Kg4 Ra8 50. Kxg5 Kh8 51. Rh7+ Kg8 52. Rc7 Bb3 53. Rc6 Bd5 54. Rb6 Bc4 55. Bg6 Ra5+ 56. Kf6 Ra6 1/2-1/2